Score 0/14 Timer 01:30
0 Plays Today
Clue 4-Letter Word % Correct
Dog's cryBARK
95.8%
Farmer's buildingBARN
95.4%
RearBACK
92.2%
*Titanic* CharacterJACK
91%
*Titanic* CharacterROSE
87.9%
Golfer's cryFORE
85.4%
Get upRISE
85.3%
Clue 4-Letter Word % Correct
Switzerland CityBERN
85.2%
*Titanic* DownfallBERG
82.8%
To weary by dullnessBORE
76.9%
Fictional alien race in 'Star Trek'BORG
71.7%
What one does to their nailsFILE
70.3%
Rapid oxidationFIRE
66.3%
Annoy or irritateRILE
65.6%

Today's Daily Dose

Remove Ads.
Support Sporcle.
Get the best of Sporcle when you Go Orange. This ad-free experience offers more features, more stats, and more fun while also helping to support Sporcle. Thank you for becoming a member.

You're not logged in!

Compare scores with friends on all Sporcle quizzes.
OR
Log In

Show Comments

Extras

Top Quizzes Today


Score Distribution

Your Account Isn't Verified!

In order to create a playlist on Sporcle, you need to verify the email address you used during registration. Go to your Sporcle Settings to finish the process.

Report this User

Report this user for behavior that violates our Community Guidelines.

Details: